00567nam a2200193Ia 450000500170000000800410001702000150005808200130007310000170008624500570010326000340016030000130019465000150020765000120022265000230023494200060025795200950026399900150035820250115020344.0240331s9999 xx 000 0 und d a0646454285 bGUNa948 aGunasingam,M 0aPrimary sources for history of the Sri Lankan tamils aSydneybMV Publicationsc2005 a368 p ., aHistorical aCulture aSri Lankans Tamils cL 001040708LaWERCLbWERCLcSSCd2024-03-31l0o 948 GUNp6062r2024-03-31w2024-03-31yL c4508d4508